MARC

LEADER 00000nam0a2200000 4500
001 282032
005 20231101235447.0
035 |a (RuTPU)RU\TPU\book\305905 
090 |a 282032 
100 |a 20150128d1984 m y0rusy50 ca 
101 0 |a rus 
102 |a RU 
105 |a a z 001zb 
200 1 |a Григ  |f Б. В. Асафьев 
210 |a Ленинград  |c Музыка  |d 1984 
215 |a 88 с. 
320 |a Библиогр. в тексте 
600 1 |a Григ  |g Эдвард  |f 1843-1907  |c норвежский композитор  |c пианист  |c дирижер  |b Э.  |2 stltpush  |3 (RuTPU)RU\TPU\pers\834 
606 1 |a Композиторы  |2 stltpush  |3 (RuTPU)RU\TPU\subj\15032  |9 41330 
610 1 |a музыка 
610 1 |a Норвегия 
610 1 |a музыкальные деятели 
610 1 |a фортепьянная музыка 
610 1 |a вокальная музыка 
610 1 |a персоналии 
675 |a 78.071.1(092)  |v 3 
700 1 |a Асафьев  |b Б. В.  |g Борис Владимирович 
801 1 |a RU  |b 63413507  |c 20150128 
801 2 |a RU  |b 63413507  |c 20170623  |g RCR 
942 |c BK